| 000 | 004840000a22001810004500 | ||
|---|---|---|---|
| 003 | MACL | ||
| 005 | 20151229161124.0 | ||
| 008 | 151229b xxu||||| |||| 00| 0 eng d | ||
| 040 |
_aMACL _cMACL |
||
| 041 | _aEnglish | ||
| 082 | _a303.64/PAT | ||
| 100 |
_aPathak, Dr G S _924223 |
||
| 245 | _aSome Reflections on The Civil Revolution in India | ||
| 260 |
_bNational Publishing House _c1972 _aDelhi |
||
| 350 | _a15 | ||
| 650 |
_aSocial Science _924224 |
||
| 942 |
_cBK _k303.64/PAT _2ddc |
||
| 999 |
_c35565 _d35565 |
||